• 首页
  • 本馆介绍
  • 公告通知
  • 最新文献
  • 馆藏检索
  • 电子资源
  • 读者导购
  • 参考咨询
  • 我的图书馆
  • 登录
  • 详细信息显示
  • 放入我的书架
  • 预约/预借图书
  • 作者相关作品
  • 分类相关作品
  • 丛书相关作品
  • 出版社相关作品

书目信息

  • 表格格式
  • 工作单格式
  • 卡片格式
题名:
熏风集
    
 
作者: 王其超 , 张素梅 主编
分册:  
出版信息: 北京   中国林业出版社  2009
页数: 391页
开本: 26cm
丛书名:
单 册:
中图分类: S682.32-53 , S682.32
科图分类:
主题词: 荷花--文集
电子资源:
ISBN: 978-7-5038-5588-7
000 01043nam0 2200277 450
001 2375856204
005 20231207210441.88
010    @a978-7-5038-5588-7@dCNY 118.00
090    @aS682@bwqc
096    @aS682@bwqc
100    @a20090709d2009 em y0chiy0120 ea
101 0  @achi@deng@eeng
102    @aCN@b110000
105    @aa z 000yy
200 1  @a熏风集@Axun feng ji@b专著@e2007~2009荷花科技文化产业文集@f王其超,张素梅主编
210    @a北京@c中国林业出版社@d2009
215    @a391页@c彩图(48页)@d26cm
330    @a本书共收录荷花及有关文章113篇,含水生植物科技、荷文化、产业3类,其内容丰富、图文并茂,读者在欣赏艺术作品的同时,还能增加知识,受到启迪,对保护、利用湿地,对建设园林水景有所裨益。
517 1  @a2007~2009荷花科技文化产业文集@A2007 ~ 2009 he hua ke ji wen hua chan ye wen ji
606 0  @a荷花@j文集
690    @aS682.32-53@v5
690    @aS682.32@v4
701  0 @a王其超@Awang qi chao@f(1928 )@4主编
701  0 @a张素梅@Azhang su mei@c(女)@4主编
801  2 @aCN@b辽宁北配@c20231205
905    @aZUCC@dS682.32@e7
    
    熏风集:2007~2009荷花科技文化产业文集/王其超,张素梅主编.-北京:中国林业出版社,2009
    391页:彩图(48页);26cm
    
    
    ISBN 978-7-5038-5588-7:CNY 118.00
    本书共收录荷花及有关文章113篇,含水生植物科技、荷文化、产业3类,其内容丰富、图文并茂,读者在欣赏艺术作品的同时,还能增加知识,受到启迪,对保护、利用湿地,对建设园林水景有所裨益。
●
相关链接 在五车中查询图书 在当当中查询图书 在豆瓣中查询图书


正题名:熏风集     索取号:S682.32/7         预约/预借

序号 登录号 条形码 馆藏地/架位号 状态 备注
1 2001247813   2001247813   第四书库/四23架A面3层5列/ [索取号:S682.32/7] 在馆    
2 2001247814   2001247814   第四书库/四23架A面3层5列/ [索取号:S682.32/7] 在馆    
3 2001247815   2001247815   第四书库/四23架A面3层5列/ [索取号:S682.32/7] 在馆    
4 2001247816   2001247816   315书库/ [索取号:S682.32/7] 在馆    
5 2001247817   2001247817   315书库/ [索取号:S682.32/7] 在馆    
6 2001247818   2001247818   315书库/ [索取号:S682.32/7] 在馆    
7 2001247819   2001247819   315书库/ [索取号:S682.32/7] 在馆    
8 2001247820   2001247820   315书库/ [索取号:S682.32/7] 在馆    
9 2001247821   2001247821   515书库/ [索取号:S682.32/7] 在馆    
10 2001247822   2001247822   515书库/ [索取号:S682.32/7] 在馆    
11 2001247823   2001247823   515书库/ [索取号:S682.32/7] 在馆    
12 2001247824   2001247824   315书库/ [索取号:S682.32/7] 在馆    
13 2001247825   2001247825   515书库/ [索取号:S682.32/7] 在馆    
14 2001247826   2001247826   515书库/ [索取号:S682.32/7] 在馆    
15 2001247827   2001247827   515书库/ [索取号:S682.32/7] 在馆    
山东省滨州职业学院图书馆 欢迎您!
大连网信软件有限公司© 版权所有